Statistics for Issuing Cities in Papers Please

Click here to take the quiz!

General Stats

  • This quiz has been taken 19 times
  • The average score is 12 of 21

Answer Stats

Country Name Answer % Correct
United FederationGreat Rapid
79%
ArstotzkaEast Grestin
79%
KolechiaVedor
71%
ImporHaihan
71%
AntegriaGlorian
71%
ObristanSkal
71%
ArstotzkaParadizna
64%
ImporEnkyo
64%
KolechiaWest Grestin
64%
AntegriaOuter Grouse
57%
ArstotzkaOrvech Vonor
57%
ImporTsunkeido
57%
KolechiaYurko City
57%
United FederationShingleton
57%
AntegriaSt. Marmero
50%
RepubliaTrue Glorian
50%
United FederationKorista CIty
50%
RepubliaBostan
43%
ObristanMergerous
43%
RepubliaLesrenadi
36%
ObristanLorendaz
14%

Score Distribution

Percentile by Number Answered

Percent of People with Each Score

Your Score History

You have not taken this quiz